ბათუმის შოთა რუსთაველის სახელმწიფო უნივერსიტეტის ბიბლიოთეკა

Stylistics. Для студ. иностр. языков (ბიბ.ჩანაწერი № 50482)

000 -LEADER
fixed length control field 00479nam a2200205Ia 4500
001 - CONTROL NUMBER
control field 17430
003 - CONTROL NUMBER IDENTIFIER
control field GE_BSU
008 - FIXED-LENGTH DATA ELEMENTS--GENERAL INFORMATION
fixed length control field 181216s||||||||xx |||||||||||||| ||und||
040 ## - CATALOGING SOURCE
Transcribing agency GE_BSU
080 ## - UNIVERSAL DECIMAL CLASSIFICATION NUMBER
Universal Decimal Classification number 811.111
100 ## - MAIN ENTRY--PERSONAL NAME
Personal name Galperin,I.
245 ## - TITLE STATEMENT
Title Stylistics. Для студ. иностр. языков
260 ## - PUBLICATION, DISTRIBUTION, ETC.
Place of publication, distribution, etc. Москва
260 ## - PUBLICATION, DISTRIBUTION, ETC.
Date of publication, distribution, etc. 1977
300 ## - PHYSICAL DESCRIPTION
Extent 335p.
653 ## - INDEX TERM--UNCONTROLLED
Uncontrolled term Stylistics
653 ## - INDEX TERM--UNCONTROLLED
Uncontrolled term სტილისტიკა
942 ## - ADDED ENTRY ELEMENTS (KOHA)
Koha item type წიგნი
ეგზემპლარები
Withdrawn status Lost status Damaged status Not for loan Date acquired Barcode Date last seen Price effective from Koha item type
        2018-12-17 1427 2018-12-17 2018-12-17 წიგნი